Представление документа в формате RUSMARC

ПолеНазваниеЗначение
  Тип записи a
  Библиографический уровень m
001 Контрольный номер RU/REG73/CBS_GRAD/ffc4fe20c69a46a78ec76f953ffa06a8
005 Дата корректировки 20240131203911.5
010 Индекс ISBN __
b Уточнения в пер.
d Цена 55 коп.
9 Тираж 150000 экз.
100 Данные общей обработки __
a Данные общей обработки 20240110d1985 e y0rusy0189## ca
101 Язык документа 0_
a Язык текста rus
102 Страна публикации __
a Страна публикации RU
105 Кодированные данные (монография) __
a Кодированные данные (монография) a z 000yy
200 Заглавие и сведения об ответственности 1_
a Заглавие Выбираем здоровье!
f Первые сведения об ответственности Михайлов Владимир Сергеевич, Палько Анатолий Степанович
g Последующие сведения об ответственности художники Г. Бойко, И. Шалито
g Последующие сведения об ответственности редактор Л. Дорогова
203 Вид содержания и тип средства __
a Вид содержания Текст
b Характеристика содержания визуальное
c Тип средства непосредственный
210 Выходные данные 1_
a Место издания Москва
c Издательство Молодая гвардия
d Дата издания 1985
215 Физическое описание __
a Объем 191 с.
c Иллюстрации/тип воспроизводства ил.
d Формат 21 см
225 Серия 2_
a Серия Эврика
327 Примечание о содержании 01
a Примечание о содержании Содерж.: Книга о здоровье.
333 Примечание о целевом назначении __
a Примечание о целевом назначении 12+
606 Тематические рубрики 0_
a Основная рубрика Формирование здорового образа жизни человека
610 Ключевые слова 0_
a Ключевые слова здоровый образ жизни; здоровье; гигиена
686 Индексы других классификаций __
a Классификационный индекс 51.204.0
2 Код системы rubbk
700 Автор _1
a Фамилия Михайлов
b Имя (инициалы) В. С.
g Полное личное имя Владимир Сергеевич
4 Код отношения 070
701 Альтернативная интеллектуальная ответственность _1
a Фамилия Палько
b Имя (инициалы) А. С.
g Полное личное имя Анатолий Степанович
4 Код отношения 070
702 Вторичная интеллектуальная ответственность _1
a Фамилия Бойко
b Имя (инициалы) Г.
4 Код отношения 040
702 Вторичная интеллектуальная ответственность _1
a Фамилия Шалито
b Имя (инициалы) И.
4 Код отношения 040
702 Вторичная интеллектуальная ответственность _1
a Фамилия Дорогова
b Имя (инициалы) Л.
4 Код отношения 340
801 Источник записи _0
a Страна RU
b Организация RuCBSGrad
c Дата составления 20240110
g Правила каталогизации RCR
801 Источник записи _1
a Страна RU
b Организация RuCBSGrad
c Дата составления 20240110
g Правила каталогизации RCR
852 Данные о местонахождении __
z Тип записи R
a Наименование организации МБУК "ЦБС г.Димитровград"
i Авторский знак М 69
m Каталогизатор Терехова
t Дата завершения обработки 20240110
901 Тип документа __
t Тип документа m
909 Создатель записи __
a Создатель записи Терехова
b Дата создания записи 20240110